000 00544cam a2200181 a 4500
001 2991293
005 20250123165312.0
008 921231s1986 gh 000 0 eng
020 _a9964781385
020 _a9964781393 (cover)
050 0 0 _aBT736.15
_b.P63 1986
100 1 _aPobee, John S.
245 1 0 _aViolence :
_ba theological view-point from the Jesus-lane /
_cJohn S. Pobee.
260 _aAccra :
_bAsempa Publishers,
_c1986.
300 _a40 p. ;
_c19 cm.
650 0 _aViolence
_xReligious aspects
_xChristianity.
942 _2lcc
_cBK
_n0
999 _c2954
_d2954